Một số vấn đề chọn lọc của hóa học. Tập 1

Đã lưu trong:
書目詳細資料
格式: 圖書
語言:Vietnamese
出版: Giáo Dục 2004
主題:
標簽: 添加標簽
沒有標簽, 成為第一個標記此記錄!
Thư viện lưu trữ: Mạng thư viện Đại học Đà Nẵng
LEADER 01067nam a2200301 a 4500
001 000002532
003 00651
005 20171229145311.0
008 171229s2004 vie
040 |a LSK 
041 0 |a VIE 
082 0 |a 541.2  |b Mô-S 
245 0 0 |a Một số vấn đề chọn lọc của hóa học. Tập 1  |c Nguyễn Duy Ái, Nguyễn Tinh Dung, Trần Thành Huế, Trần Quốc Sơn, Nguyễn Văn Tòng 
260 |b Giáo Dục  |c 2004 
300 |a 348 pages  |c 19 cm. 
653 |a Hóa học - Lý thuyết 
852 |a Phòng Đọc - Phòng Mượn 
901 |a 10 
927 |a Sách tham khảo 
OWN |a LSK 
AVA |a UDN50  |b LSK  |d 541.2 Mô-S  |e available  |t Error 5001 Not defined in file expand_doc_bib_avail.  |f 10  |g 0  |h N  |i 0  |k 1 
999 |a From the UDN01 
AVA |a UDN50  |b LSK  |d 541.2 Mô-S  |e available  |t Error 5001 Not defined in file expand_doc_bib_avail.  |f 10  |g 0  |h N  |i 0  |k 1 
TYP |a Monograph 
TYP |a Printed language 
980 |a Mạng thư viện Đại học Đà Nẵng